000 01232nam a2200337 a 4500
001 000112284
003 CHAP
005 20220329144255.0
008 160121s2015 mx sm |||||||spa d
010 _a108745
011 _a109717
040 _cCHAP
090 _aTesis
100 1 _aGómez López, Ariste
_9130503
245 1 0 _aEfecto de bioaceites esenciales en el control de Moniliophthora roreri (Cif & Par) Evans causante de la moniliasis del cacao/
_h[En línea]
_cpor Ariste Gómez López.
260 _aChapingo, Méx. :
_bEl autor,
_c2015.
500 _aPara ver el contenido del material haga clic en la liga
502 _aTesis (Ing. Agr. Esp. en Zonas Tropicales) -- UACH. Unidad Regional Universitaria Sursureste
590 _aE5995AHE
_b05
_c20160121
_lUCH01
_h1343
590 _aE5995AHE
_b05
_c20160121
_lUCH01
_h1343
590 _aE5995AHE
_b10
_c20160121
_lUCH01
_h1336
650 1 4 _aAceites esenciales.
_9455
650 1 4 _aCacao
_xEnfermedades.
_916941
650 1 4 _aFungicidas.
_944044
650 1 4 _aMoniliopthora roreri.
_977524
650 1 4 _aPlantas tropicales.
_989088
856 _aFinding aid
_uhttp://10.13.5.2/tesis/sist112284.pdf
_zTeclea aquí
901 _aBK
942 _cTESIS
942 _n0
999 _c108745
_d108745